000 00378nam a2200157Ia 4500
003 0STCL
008 150530s9999 xx 000 0 und d
040 _aSTCL
_cSTCL
100 _aMassinger; Dunn, T.A.; Editor
245 _aPhilip massinger theman and the play wright
260 _c1957
546 _aEnglish
942 _2ddc
_cBK
999 _c56012
_d56012
005 20220125171002.0